ՀՀ Գիտությունների ազգային ակադեմիայի հիմնարար գիտական գրադարան  =   Fundamental Scientific Library of NAS RA

Спрут : (Record no. 274184)

MARC details
000 -LEADER
fixed length control field 00957nam a2200241 a 4500
001 - CONTROL NUMBER
control field 000741247
003 - CONTROL NUMBER IDENTIFIER
control field AM-YeHGA
005 - DATE AND TIME OF LATEST TRANSACTION
control field 20250617143401.0
008 - FIXED-LENGTH DATA ELEMENTS--GENERAL INFORMATION
fixed length control field 100608s1980 |||| |||||||||||||rus d
040 ## - CATALOGING SOURCE
Original cataloging agency AM-YeHGA
041 1# - LANGUAGE CODE
Language code of text/sound track or separate title rus
Language code of original eng
090 ## - LOCALLY ASSIGNED LC-TYPE CALL NUMBER (OCLC); LOCAL CALL NUMBER (RLIN)
-- 275828
100 1# - MAIN ENTRY--PERSONAL NAME
Personal name Норрис, Фрэнк
245 10 - TITLE STATEMENT
Title Спрут :
Remainder of title Роман /
Statement of responsibility, etc. Фрэнк Норрис; Пер. с англ. П. Охрименко; Под. ред. В. Хинкиса; Вступ. ст. Е. Себежко.
260 ## - PUBLICATION, DISTRIBUTION, ETC.
Place of publication, distribution, etc. Москва :
Name of publisher, distributor, etc. Худож. лит.,
Date of publication, distribution, etc. 1980.
300 ## - PHYSICAL DESCRIPTION
Extent 415 с. ;
Dimensions 21 см.
440 #0 - SERIES STATEMENT/ADDED ENTRY--TITLE
Title Классики и современники. Зарубежная литература
650 14 - SUBJECT ADDED ENTRY--TOPICAL TERM
Topical term or geographic name entry element Монополии США (х. л.)
650 14 - SUBJECT ADDED ENTRY--TOPICAL TERM
Topical term or geographic name entry element Фермеры в США (х. л.)
650 14 - SUBJECT ADDED ENTRY--TOPICAL TERM
Topical term or geographic name entry element Буржуазия в США (х. л.)
700 1# - ADDED ENTRY--PERSONAL NAME
Personal name Хинкис, В.
Relator term ред.
Relationship edt
700 1# - ADDED ENTRY--PERSONAL NAME
Personal name Себежко, Е.
Relator term авт. вступ. ст
Relationship aui
Holdings
Withdrawn status Lost status Damaged status Not for loan Collection Home library Current library Date acquired Total checkouts Full call number Barcode Date last seen Price effective from Koha item type Public note
        General Fundamental Scientific Library Fundamental Scientific Library 29/12/2016   PII/452756 FL0337502 29/12/2016 29/12/2016 Գրքեր / Books 30 Days Loan


ՀՀ ԳԱԱ հիմնարար գիտական գրադարան
ՀՀ,Երևան 0019
Մարշալ Բաղրամյան 24/6
հեռախոս:(374-10) 52-47-50
Հետադարձ կապ

All site content, except where otherwise noted, is licensed under a
Creative Commons License